Quizzes
Events
Quiz Creation
Community
Videos
Private Events
Remove Ads
Sign In
Join for FREE
Feedback
Dark Mode
Quiz Categories
Sports
Geography
Music
Movies
Television
Just For Fun
Miscellaneous
History
Literature
Language
Science
Gaming
Entertainment
Religion
Holiday
For Kids
Quiz Lab
Recent
Popular Today
Quiz Kudos Today
Editor Picks
Curator Picks
Quizzes by...
Day
Popularity
Type
Ratings
Length
Year
Community
Subscriptions
Recent Discussions
Orange Saloon
Badges
Playlists
Quests
Create
Leaderboards
Showdown
Live 5
Trivia Bingo
Activity
Puzzle Library
Sporcle Events
Private Events
Virtual Trivia
Globe League
Become a Host
Pub Owners
SporcleCon
Opinionation
Our Games
Videos
Blog
Mobile Apps
Partnerships
Remove Ads and Go Orange
Feedback
Literature
Harry Potter
A Song of Ice and Fire
The Hunger Games
Literary Character
Shakespeare
Book
Author
Novel
Poem
Young Adult
Children's Books
Play
Lord of the Rings
Literature
Harry Potter
A Song of Ice and Fire
The Hunger Games
Literary Character
Shakespeare
Book
Author
Novel
Poem
Young Adult
Children's Books
Play
Lord of the Rings
Random Quiz
Search Sporcle
×
Quiz Lab
Quiz Lab
Literature
Lightning
Type in answers that appear in a list
Type in answers that appear in a list
Classic
Best Score? Go Orange.
Percy jackson and the lightning theif Stats
Can you name the percy jackson and the lightning theif characters?
By
lukewtiii
10m
102 Questions
91 Plays
91 Plays
91 Plays
Comments
Comments
Give Quiz Kudos
Give Quiz Kudos
-
- Ratings
hide this ad
Replay
Link that replays current quiz
Next Quiz
Link to next quiz in quiz playlist
You Got
0%
They Got
Avg Score
31%
Avg Friend Score
Upgrade to see
Score Distribution
Jump to the score distribution portion of the page
Score
0/102
Timer
10:00
0
Plays Today
Hint
Answer
% Correct
daughter of Athena, Percys GF
annabeth
95.6%
greek god of war
ares
81.3%
Greek godess of love
aphrodite
79.1%
greek godess of wisdom
athena
71.4%
greek god of the underworld
hades
67%
centaur teacher of percy
chiron
65.9%
aunty ems real name
medusa
61.5%
the king of the greek gods
zeus
59.3%
greek god of healing the sun and poetry
apollo
58.2%
greek god of the sea
poseidon
57.1%
greek godess of the hunt and single women
Artemis
56%
greek god of thieves
hermes
56%
main character
percy jackson
56%
traitor son of hermes
luke
54.9%
greek god of wine
dionysus
52.7%
daughter of Ares
clarisse
50.5%
German fuher and leader of the nazis
adolf hitler
49.5%
ferryman of the underworld
charon
49.5%
greek godess of the harvest
demeter
49.5%
mrs dodds is one
fury
49.5%
half bull half man
minotaur
49.5%
greek godess of marriage
hera
48.4%
percys fury pre algebra teacher
mrs dodds
48.4%
percys mom
Sally jackson
46.2%
Percys satyr friend
Grover Underwood
44%
titan lord of time
kronos
44%
cheif of security at camp half blood
argus
42.9%
woman that was turned into a spider by Athena
arachne
41.8%
Medusas undercover alias
aunty em
41.8%
the first president of the US
george washington
41.8%
mrs oleary is one
hellhound
40.7%
romeos lover
juliet
40.7%
zeus' daughter
thalia
40.7%
three headed dog of Hades
cerberus
39.6%
Hint
Answer
% Correct
Percys mean stepfather
Gabe ugliano
39.6%
son of zeus, killed Hydra
hercules
39.6%
witch that turns percy to a guinea pig
circe
38.5%
greek god of the forge
hephaestus
38.5%
underworld queen
persephone
38.5%
greek godess of the hearth
hestia
37.4%
greek godess of the rainbow
iris
37.4%
juliets lover
romeo
36.3%
god of the wild
pan
35.2%
main characters namesake
perseus
35.2%
echidnas pet chihuahua
chimera
34.1%
yancy bully
nancy bobofit
34.1%
procrustes' alias
crusty
33%
grovers petrified uncle
ferdinand
33%
Roman king of the gods
jupiter
33%
son of Dionysus that died
castor
30.8%
mother of all monsters
echidna
30.8%
greek god of love
cupid
29.7%
the women who cut the string of death
fates
29.7%
dionysus' other son
pollux
29.7%
monsters that eat curfew breakers at camp
harpies
28.6%
composer wolfgang amadeus _
_
_
_
_
_
_
_
mozart
28.6%
what mr d calls percy
peter johnson
28.6%
monster that hercules slays
hydra
27.5%
roman godess of love
venus
26.4%
tree nymphs
dryads
24.2%
namesake of escape artist harry _
_
_
_
_
_
houdini
24.2%
rachel elizabeth dare is now it
oracle of delphi
24.2%
crustys real name
procrustes
24.2%
mother of zeus
rhea
24.2%
pink poodle grover finds
gladiola
23.1%
annabeths father
frederick chase
22%
water nymphs
naiads
22%
lion hercules kills
nemean lion
22%
Hint
Answer
% Correct
playwright william _
_
_
_
_
_
_
shakespear
22%
maidens of camp half blood
nymphs
19.8%
killed the minotaur
theseus
19.8%
monster that took Tokyo
godzilla
17.6%
Medusas sister
gorgon
16.5%
greek godess of revenge
nemisis
16.5%
spirit of the sea
nereid
15.4%
groovy kid percy meets at the lotus hotel
darrin
14.3%
leader during the french revolution
napoleon
14.3%
super of Percys apartment
eddie
13.2%
King of Crete
King minos
13.2%
percys coverup pre algebra teacher
mrs kerr
13.2%
father sky
ouranos
13.2%
the 3rd president of USA
thomas jefferson
12.1%
was pecked at by vultures
prometheus
11%
inventor of the lyre
orpheus
9.9%
mother of the minotaur
pasiphae
9.9%
the west wind
zephyr
9.9%
son of the king of Iolcos
jason
7.7%
mother of hermes
maia
7.7%
bigfoot AKA _
_
_
_
_
_
_
_
_
sasquatch
7.7%
the god of darkness
erebus
6.6%
percys english teacher
mr nicoll
5.5%
another name for pollux
polydeuces
5.5%
news reporter #2
john
4.4%
news reporter
barbara walters
3.3%
one of the singers that grover plays on his reed pipes
hilary duff
3.3%
freiherr von manfred richthofen AKA _
_
_
the red baron
3.3%
gabes therapist
sugar
3.3%
singer that ferryman charon prefers
barry manilow
2.2%
often confused with answer above
polydictes
2.2%
the first oracles alias
phoebus apollo
1.1%
almost kills percy
pit scorpion
1.1%
zoe nightshades sisters
hespiredes
0%
Quiz Playlist
Details
Report
Send in Message
Add To Playlist
Classic:
Type in answers that appear in a list
Last Updated: Feb 16, 2017
Quiz Scoreboard
CHALLENGE
Sign Up to Join the Scoreboard
Show All
Scores
Hide
Comments
May contain spoilers
Recently Published
An Introduction to Baseball
by treessimontrees
Sports
5m
Movies - When Are They Set?
by FPL_Elf
Movies
5m
Popular People in 1961
by mucciniale
History
6m
More to Explore
Quiz From the Vault
Featured Blog Post
Where Did the Easter Bunny Come From?
hide this ad
You Might Also Like...
Tags
Character
jackson
Lightning
Today's Top Quizzes in Literature
Browse Literature
hide this ad
Today's Top Quizzes in Lightning
Browse Lightning
Top Contributed Quizzes in Literature
1
Sneaky Slytherin Logic Puzzle
2
One Thing in Common: Literature
3
Get The Picture: Black or White Literature
4
Harry Potter Neighbourly Logic Puzzle #3
5
Weasley Family Reunion: Logic Puzzle
6
One Thing in Common: Books
7
One Thing in Common: Literature II
8
Harry Potter Neighbourly Logic Puzzle #1
9
Harry Potter Neighbourly Logic Puzzle #5
10
Harry Potter Neighbourly Logic Puzzle #6
Explore More
Trending Topics
Marvel
Harry Potter
Disney
NBA
Crossword
Anime
Kpop
Soccer
Puzzle
Country
Song
Pokémon
The Office
WWE
NFL
hide this ad
More By:
lukewtiii
Quiz
Plays
Rating
Category
Featured
Created
Survivor Trivia
384
3.50
Television
Sep 2, 2020
JacksonsX Franchise trivia
253
Miscellaneous
Dec 31, 2020
Survivor seasons by Last Name
142
2.67
Television
Sep 2, 2020
percy jackson and the lightning theif
91
Literature
Apr 14, 2016
Survivor same name
88
2.00
Television
Dec 31, 2020
Go to Creator's Profile
Score Distribution
Quiz Creator Spotlight
lukewtiii
Follow
Send a Message
Quizzes Created
-
Created Quiz Play Count
-
More By This Creator
Popular Quizzes Today
1
Find the Countries of Europe - No Outlines Minefield
2
Find the US States - No Outlines Minefield
3
The Countries of the World
4
Popular People in 1961
5
US States
6
1-10 Letter E Words III
7
Find the US States
8
One Thing in Common: World Cities II
More Literature Quizzes
4x4 Image Crossword: Authors
Published
Trending Quizzes
Risky Map Clicking: Least Populous States A-Z
1-10 Letter F Words
1-10 Letter G Words
One Thing in Common: United Kingdom
Risky Map Clicking: Next State Alphabetically
Recently Updated
Leaping Animals
pecheneg
Reality TV Shows (A-Z)
bhenderson79
Rickey Henderson's Hall of Fame Teammates
pecheneg
Champions League XIs: Arsenal
pecheneg
Quick Pick: Celebrities in WWE's Hall of Fame
aduchscher
A-Z Keypad Blitz II
pecheneg
Multiple Oscar Actors
pecheneg
Mystery Phrase Blitz: Oscar 'Best Actors'
pecheneg
F. Scott Fitzgerald Novels
LTH
Pick 3 Villains
ddd62291
Trending Topics
Crossword
Marvel
Harry Potter
NBA
Kpop
Disney
Anime
Pokémon
NFL
WWE
Soccer
Song
Puzzle
Country
The Office
Your Account Isn't Verified!
In order to create a playlist on Sporcle, you need to verify the email address you used during registration. Go to your
Sporcle Settings
to finish the process.
Report this User
Report this user for behavior that violates our
Community Guidelines
.
Details:
Send Report
Go to the Sporcle.com Mobile Site →
Comments